• 首页
  • 本馆介绍
  • 公告通知
  • 最新文献
  • 馆藏检索
  • 电子资源
  • 读者导购
  • 参考咨询
  • 我的图书馆
  • 登录
  • 详细信息显示
  • 放入我的书架
  • 预约/预借图书
  • 作者相关作品
  • 分类相关作品
  • 丛书相关作品
  • 出版社相关作品

书目信息

  • 表格格式
  • 工作单格式
  • 卡片格式
题名:
资产阶级古典政治经济学选辑
    
 
作者: 王亚南 主编 ;吴斐丹 修订
分册:  
出版信息: 北京   商务印书馆  1979.02
页数: 741页
开本: 20cm
丛书名:
单 册:
中图分类: F091.33
科图分类:
主题词: 古典资产阶级政治经济学
电子资源:
ISBN:
000 00679nam0 2200229 45
001 0204140934
005 20041228164453.4
010    @b精装@dCNY2.70
091    @a4017.112
100    @a20020414d1979 km y0chiy0120 ea
101 0  @achi
105    @a z 000yy
200 1  @a资产阶级古典政治经济学选辑@AZi Chan Jie Ji Gu Dian Zheng Zhi Jing Ji Xue Xuan Ji@f王亚南主编@FWang Ya Nan Zhu Bian@g吴斐丹修订
205    @a2版
210    @a北京@c商务印书馆@d1979.02
215    @a741页@d20cm
606 0  @a古典资产阶级政治经济学
690    @aF091.33@v3
701  0 @a王亚南@4主编
702  0 @a吴斐丹@AWu Fei Dan@4修订
801    @aCN@bTSTC@c20020414
905    @dF091.33@e11@f1@b209501
    
    资产阶级古典政治经济学选辑/王亚南主编/吴斐丹修订.-2版.-北京:商务印书馆,1979.02
    741页;20cm
    
    
    ISBN (精装):CNY2.70
    
●
相关链接 在E读中查询图书 在五车中查询图书 在当当中查询图书 在豆瓣中查询图书


正题名:资产阶级古典政治经济学选辑     索取号:F091.33/11         预约/预借

序号 登录号 条形码 馆藏地/架位号 状态 备注
1 0079015   000194275   第一样本阅览室/ [索取号:F091.33/11] 在馆    
2 0170493   000194284   第一借阅区/ [索取号:F091.33/11] 在馆    
3 0209498   001577092   工具书阅览室/ [索取号:F091.33/11] 在馆    
4 0209499   001577109   密集书库/ [索取号:F091.33/11] 在馆    
5 0209500   001577136   密集书库/ [索取号:F091.33/11] 在馆    
6 0209501   001970004   第一借阅区/ [索取号:F091.33/11] 在馆    
唐山师范学院图书馆 欢迎您!
大连网信软件有限公司© 版权所有